Carregant...

Meri priya kahaniyam (short stories)

Dades bibliogràfiques
Autor principal: Nirmal Verma
Format: Printed Book
Publicat: New Delhi, Rajpal & Sons 1993
Matèries:
LEADER 004630000a22001450004500
040 |a HINDI 
082 |a 891.433 01 NIR/M N3 
100 |a Nirmal Verma 
245 |a Meri priya kahaniyam (short stories) 
260 |a New Delhi, Rajpal & Sons 
260 |c 1993 
650 |a Hindi 
650 |a Short story 
999 |c 15101  |d 15101 
952 |0 0  |1 0  |4 0  |6 891_433000000000000_01_NIRM_N3  |7 0  |8 HINDI  |9 14904  |a MGUL  |b MGUL  |d 2013-07-16  |l 0  |o 891.433 01 NIR/M N3  |p 21280  |r 2013-07-16  |w 2013-07-16  |y BK